Estadísticas para Imágenes de Satélite #3

Haz click aquí para intentar la prueba.

Estadísticas generales

  • Esta prueba ha sido intentada 957 veces
  • La puntuación promedio es 10 de 16

Estadísticas de respuestas

Respuesta% Correcto
Río Nilo
95%
Somalia
93%
Patagonia
83%
Irán
82%
Mar Báltico
82%
Mar Caspio
82%
Escocia
81%
Manhattan
78%
Tasmania
59%
Terranova
48%
Bahía de Hudson
47%
Hawái
47%
Quebec
44%
Massachusetts
41%
Misisipi
33%
Sídney
21%

Distribución de puntuación

Porcentaje por número respondido

Porcentaje de gente con cada puntuación

Historial de tus puntuaciones

No has intentado esta prueba.